Negotiating cultures: (Record no. 159687)

MARC details
000 -LEADER
fixed length control field 00914nam a22002177a 4500
005 - DATE AND TIME OF LATEST TRANSACTION
control field 20190802145503.0
010 ## - LCCN (DPL NO)
LC control number ENG-124611 B-728390
020 ## - INTERNATIONAL STANDARD BOOK NUMBER
International Standard Book Number 9780199091737
Terms of availability 1195.00
035 ## - SYSTEM CONTROL NUMBER
System control number EN-108143
037 ## - SOURCE OF ACQUISITION
Source of stock number/acquisition DBAD/PUB
037 ## - SOURCE OF ACQUISITION
Source of stock number/acquisition R.k. Books
Stock number dpl
082 ## - DEWEY DECIMAL CLASSIFICATION NUMBER
Classification number 720.95416
100 ## - MAIN ENTRY--PERSONAL NAME
Personal name Guerrieri, Pilar Maria
245 ## - TITLE STATEMENT
Title Negotiating cultures:
Remainder of title Delhi's architecture and planning from 1912 to 1962/
Statement of responsibility, etc by Pilar Maria Guerrieri
260 ## - PUBLICATION, DISTRIBUTION, ETC. (IMPRINT)
Place of publication, distribution, etc New Delhi
Name of publisher, distributor, etc Oxford University Press
Date of publication, distribution, etc 2018
270 ## - ADDRESS
City New Delhi
Postal code 110002
Address 2/11 Ground Floor, Ansari Road, Daryaganj,
300 ## - PHYSICAL DESCRIPTION
Extent xxiv,296p.
Dimensions 22cm.(Hb)
Other physical details ill. map
500 ## - GENERAL NOTE
General note It includes index and about the author
942 ## - ADDED ENTRY ELEMENTS (KOHA)
Source of classification or shelving scheme Dewey Decimal Classification
Item type English Books
Classification part 720.95416
Call number suffix GUE
Holdings
Withdrawn status Lost status Not for loan Collection code Home library Current library Date acquired Source of acquisition Cost, normal purchase price Full call number Barcode Copy number Cost, replacement price Koha item type Public note
    Not For Loan Non-fiction D.B.Act.Division Bawana 31/12/2018 DBAD/PUB 1195.00 720.95416 GUE EN-108143 1 1195.00 English Books  
      Non-fiction Sarojini Nagar Sarojini Nagar 20/06/2019 RK Books/IN457/2019-20/03.06.2019/07/29.06.2019/17.06.2019 1195.00 720.95416 GUE B-728390 1 1195.00 English Books Spl. power

© Delhi Public Library
Hit Counter
free hit counter